[Event "8th Lost Boys op"]
[Site "Amsterdam NED"]
[Date "2000.08.17"]
[Round "7"]
[White "Konguvel, Ponnuswamy"]
[Black "Blokhuis, Jeroen"]
[Result "0-1"]
[WhiteElo "2377"]
[BlackElo "2240"]
[EventDate "2000.08.11"]
[PlyCount "66"]

1.e4 c5 2.Nf3 Nc6 3.d4 cxd4 4.Nxd4 Nf6 5.Nc3 d6 6.Bc4 e6 7.Be3 a6 8.Qe2 
Qc7 9.O-O-O Be7 10.Bb3 O-O 11.Rhg1 Nd7 12.g4 Nc5 13.g5 Bd7 14.Rg3 Rfc8 15.
f4 b5 16.f5 Nxd4 17.Bxd4 Nxb3+ 18.axb3 b4 19.Qh5 bxc3 20.bxc3 e5 21.Rh3 
Kf8 22.f6 Bxh3 23.Qxh7 Bxf6 24.gxf6 gxf6 25.Qxh3 exd4 26.Rf1 Qxc3 27.Qh8+ 
Ke7 28.Qxf6+ Kd7 29.Qxf7+ Kc6 30.Rf3 Qe1+ 31.Kb2 Kb6 32.Qf5 Rc5 33.Qd7 Rc6
0-1

[Event "8th Lost Boys op"]
[Site "Amsterdam NED"]
[Date "2000.08.17"]
[Round "7"]
[White "Van Blitterswijk, Stefan"]
[Black "Jens, Jelmer"]
[Result "1/2-1/2"]
[WhiteElo "2351"]
[BlackElo "2280"]
[EventDate "2000.08.11"]
[PlyCount "33"]

1.e4 e6 2.d4 d5 3.Nc3 Bb4 4.e5 b6 5.Bd2 Ne7 6.Nf3 Bxc3 7.Bxc3 a5 8.Bd2 Qd7
9.Bg5 Ba6 10.Bxa6 Nxa6 11.Bxe7 Qxe7 12.O-O O-O 13.Re1 c5 14.Re3 Rfc8 15.c3
Ra7 16.Qe2 Nb8 17.Rd1 1/2-1/2

[Event "8th Lost Boys op"]
[Site "Amsterdam NED"]
[Date "2000.08.17"]
[Round "7"]
[White "Nio Bertholee, Rob"]
[Black "Amesz, Jaap"]
[Result "1/2-1/2"]
[WhiteElo "2343"]
[BlackElo "2185"]
[EventDate "2000.08.11"]
[PlyCount "148"]

1.e4 c5 2.Nc3 Nc6 3.Nf3 e6 4.Bb5 Nge7 5.O-O a6 6.Bxc6 Nxc6 7.d4 cxd4 8.
Nxd4 d6 9.Re1 Be7 10.Nxc6 bxc6 11.Qg4 Bf8 12.b3 e5 13.Qg3 Be6 14.Ba3 Qa5 
15.Na4 f6 16.Rad1 Kf7 17.Qe3 c5 18.Bb2 Be7 19.Bc3 Qb5 20.Qd2 Rac8 21.Bb2 
c4 22.Re3 Rc6 23.Nc3 Qa5 24.Nd5 Qxd2 25.Rxd2 Rhc8 26.b4 Bd8 27.Bc3 g6 28.
Re1 f5 29.f3 Bg5 30.Rdd1 Rb8 31.a4 Rb7 32.Rb1 Bxd5 33.exd5 Rc8 34.Kf1 Bh4 
35.Red1 Rcb8 36.Ke2 Bd8 37.Rb2 h5 38.Rdb1 g5 39.b5 a5 40.Bd2 f4 41.Be1 Bb6
42.Bf2 Rc8 43.c3 h4 44.Kf1 Ke7 45.g3 hxg3 46.hxg3 Rh8 47.Bxb6 Rxb6 48.Kg2 
Kd7 49.Re2 Rbb8 50.Rh1 Rxh1 51.Kxh1 Rc8 52.Kg2 Rc5 53.Rd2 Kc7 54.gxf4 gxf4
55.Kh3 Kb6 56.Kg4 Rc8 57.Kf5 Rh8 58.Ke6 Kc5 59.Rb2 Rh6+ 60.Kf5 Kxd5 61.
Rd2+ Kc5 62.Ke4 Rg6 63.Rd1 Rh6 64.Rd2 Rg6 65.Rd5+ Kb6 66.Rd1 Kc5 67.Rd2 
Rh6 68.Rd1 Rg6 69.Rd5+ Kb6 70.Kf5 Rh6 71.Kg5 Re6 72.Kf5 Rh6 73.Rd2 Kc5 74.
Ke4 Rg6 1/2-1/2

[Event "8th Lost Boys op"]
[Site "Amsterdam NED"]
[Date "2000.08.17"]
[Round "7"]
[White "Hopman, Pieter"]
[Black "Egeli, Per Ove"]
[Result "1/2-1/2"]
[WhiteElo "2188"]
[BlackElo "2347"]
[EventDate "2000.08.11"]
[PlyCount "106"]

1.d4 Nf6 2.c4 c5 3.d5 b5 4.cxb5 a6 5.bxa6 d6 6.Nc3 g6 7.Nf3 Bg7 8.g3 Qa5 
9.Qd2 Nbd7 10.Bg2 O-O 11.O-O Bxa6 12.b3 Bb7 13.Rb1 Rfb8 14.Bb2 Ne8 15.Qe3 
Kf8 16.Ng5 Nef6 17.Rfd1 Ba6 18.Qf4 Rb4 19.Nce4 Qxa2 20.Bc3 h6 21.Ne6+ Kg8 
22.Nxg7 Kxg7 23.Bxb4 cxb4 24.Nxf6 Nxf6 25.Qxb4 Bxe2 26.Re1 Bg4 27.Qd4 Rb8 
28.h3 Bf5 29.Rb2 Qa3 30.Rxe7 Qa1+ 31.Kh2 Rxb3 32.Ree2 h5 33.Qd2 Rd3 34.Qb4
g5 35.Re7 h4 36.Qb7 hxg3+ 37.fxg3 Bg6 38.Rf2 Qd4 39.Qb2 Qxb2 40.Rxb2 Nxd5 
41.Bxd5 Rxd5 42.Rf2 Rd3 43.Ree2 d5 44.Rd2 Rxd2 45.Rxd2 Be4 46.Kg1 Kf6 47.
Kf2 Ke5 48.Ke1 f5 49.Rh2 d4 50.h4 f4 51.gxf4+ Kxf4 52.Rf2+ Kg4 53.hxg5 
Kxg5 1/2-1/2

[Event "8th Lost Boys op"]
[Site "Amsterdam NED"]
[Date "2000.08.17"]
[Round "7"]
[White "Doggers, Peter"]
[Black "Erwich, Frank"]
[Result "1-0"]
[WhiteElo "2146"]
[BlackElo "2224"]
[EventDate "2000.08.11"]
[PlyCount "149"]

1.e4 e5 2.Nf3 Nc6 3.Bb5 Nf6 4.O-O Nxe4 5.d4 Nd6 6.Bxc6 dxc6 7.dxe5 Ne4 8.
Qe2 Bf5 9.Rd1 Qe7 10.Be3 h6 11.Nbd2 Nxd2 12.Rxd2 g5 13.Rad1 Bg7 14.Qc4 a5 
15.Bc5 Qe6 16.Qc3 b6 17.Nd4 Qg6 18.Nxf5 Qxf5 19.Bxb6 O-O 20.Bxc7 Rfe8 21.
Re2 Re6 22.a4 Qg4 23.Red2 Rae8 24.b3 Bxe5 25.Bxe5 Rxe5 26.Rd8 Qe6 27.h3 
Kh7 28.Rxe8 Qxe8 29.Rd6 Re1+ 30.Kh2 Qe4 31.Qd3 Qxd3 32.Rxd3 Re5 33.Rd6 c5 
34.Rc6 Kg7 35.Kg3 h5 36.Kf3 Rf5+ 37.Ke3 Re5+ 38.Kf3 Rf5+ 39.Ke2 Re5+ 40.
Kd2 Rd5+ 41.Ke2 Re5+ 42.Kf1 g4 43.hxg4 hxg4 44.Rb6 c4 45.Rb5 Kf6 46.bxc4 
Re4 47.Rc5 Ke6 48.c3 f5 49.Kg1 f4 50.f3 gxf3 51.gxf3 Re3 52.Kg2 Rxc3 53.
Rxa5 Rxc4 54.Kh3 Rb4 55.Kg4 Rc4 56.Kg5 Rb4 57.Ra7 Rc4 58.a5 Rb4 59.a6 Ra4 
60.Rh7 Ke5 61.Ra7 Ke6 62.Kg6 Ra1 63.Ra8 Rg1+ 64.Kh5 Rg7 65.a7 Re7 66.Kg4 
Ke5 67.Kh3 Ke6 68.Kg2 Ke5 69.Kf1 Ke6 70.Ke2 Kd5+ 71.Kd3 Ke5 72.Kc4 Rc7+ 
73.Kb5 Re7 74.Kc5 Ke6 75.Kb6 1-0

[Event "8th Lost Boys op"]
[Site "Amsterdam NED"]
[Date "2000.08.17"]
[Round "7"]
[White "Byklum, Bjornar"]
[Black "Erwich, Marc"]
[Result "1/2-1/2"]
[WhiteElo "2127"]
[BlackElo "2205"]
[EventDate "2000.08.11"]
[PlyCount "77"]

1.Nf3 Nf6 2.g3 b6 3.Bg2 Bb7 4.O-O e6 5.d3 d5 6.Nbd2 Be7 7.Re1 O-O 8.e4 c5 
9.e5 Nfd7 10.h4 Nc6 11.Nf1 b5 12.Bf4 c4 13.d4 a5 14.h5 h6 15.N1h2 Re8 16.
Bh3 b4 17.Ng4 Bf8 18.Qc1 Kh7 19.Qe3 a4 20.Bf1 Na5 21.Ngh2 b3 22.axb3 axb3 
23.c3 Nc6 24.Rab1 Ra2 25.g4 f6 26.g5 fxg5 27.Bxg5 Be7 28.Bf4 Nb6 29.Kh1 
Na4 30.Bxh6 gxh6 31.Bd3+ cxd3 32.Qxd3+ Kh8 33.Qg6 Bg5 34.Nxg5 Qxg5 35.
Qxe8+ Qg8 36.Qd7 Nxb2 37.Rg1 Qf8 38.Qxe6 Nd3 39.Rg8+ 1/2-1/2

[Event "8th Lost Boys op"]
[Site "Amsterdam NED"]
[Date "2000.08.17"]
[Round "7"]
[White "Ree, Hans"]
[Black "Van den Berg, Adrianus M. J."]
[Result "1/2-1/2"]
[WhiteElo "2417"]
[BlackElo "2217"]
[EventDate "2000.08.11"]
[PlyCount "30"]

1.d4 g6 2.e4 Bg7 3.c4 d6 4.Nc3 f5 5.exf5 Bxf5 6.Bd3 Bxd4 7.Bxf5 Bxc3+ 8.
bxc3 gxf5 9.Qh5+ Kd7 10.Qxf5+ e6 11.Qb5+ Nc6 12.Nf3 Qf6 13.O-O Ne7 14.Bg5 
Qf5 15.Qxf5 Nxf5 1/2-1/2

[Event "8th Lost Boys op"]
[Site "Amsterdam NED"]
[Date "2000.08.17"]
[Round "7"]
[White "Leer-Salvesen, Bjarte"]
[Black "Happel, Hendrik"]
[Result "1/2-1/2"]
[WhiteElo "2277"]
[BlackElo "2216"]
[EventDate "2000.08.11"]
[PlyCount "25"]

1.c4 Nf6 2.g3 e6 3.Bg2 d5 4.Nf3 Be7 5.O-O O-O 6.b3 c5 7.cxd5 Nxd5 8.Bb2 
Nc6 9.Nc3 Bf6 10.Rc1 Rb8 11.Qc2 Nxc3 12.Bxc3 b6 13.Bxf6 1/2-1/2

[Event "8th Lost Boys op"]
[Site "Amsterdam NED"]
[Date "2000.08.17"]
[Round "7"]
[White "Sadewasser, Axel"]
[Black "De Jong, Migchiel"]
[Result "1-0"]
[WhiteElo "2211"]
[BlackElo "2276"]
[EventDate "2000.08.11"]
[PlyCount "105"]

1.d4 Nf6 2.c4 g6 3.g3 Bg7 4.Bg2 O-O 5.Nc3 d6 6.e3 e5 7.Nge2 Nbd7 8.b3 Re8 
9.O-O h5 10.h3 e4 11.f3 exf3 12.Bxf3 Nh7 13.Bg2 a6 14.Qd3 Rb8 15.a4 Ndf6 
16.e4 c5 17.dxc5 dxc5 18.Qxd8 Rxd8 19.Bf4 Ra8 20.Rad1 Be6 21.Bc7 Rxd1 22.
Rxd1 Nd7 23.Nd5 Nhf8 24.Nef4 Bd4+ 25.Kf1 Kg7 26.Nd3 Rc8 27.Bd6 f6 28.Bf4 
g5 29.Bc1 Ng6 30.Ne3 Nge5 31.Nf5+ Bxf5 32.exf5 Rb8 33.Nxe5 Nxe5 34.Bd5 b5 
35.cxb5 axb5 36.a5 Rd8 37.Bb7 Rd6 38.a6 Nc6 39.b4 cxb4 40.Rxd4 Rxd4 41.
Bxc6 Rc4 42.a7 Rxc1+ 43.Ke2 Ra1 44.a8=Q Rxa8 45.Bxa8 b3 46.Kd2 g4 47.h4 
Kf8 48.Bd5 b2 49.Kc2 Ke7 50.Kxb2 Kd6 51.Bf7 Ke5 52.Bxh5 Kxf5 53.Kb3 1-0

[Event "8th Lost Boys op"]
[Site "Amsterdam NED"]
[Date "2000.08.17"]
[Round "7"]
[White "Kottke, Markus"]
[Black "Azadmanesh, Moosa"]
[Result "1/2-1/2"]
[WhiteElo "2228"]
[BlackElo "2141"]
[EventDate "2000.08.11"]
[PlyCount "102"]

1.e4 c5 2.Nf3 d6 3.d4 cxd4 4.Nxd4 Nf6 5.Nc3 a6 6.f4 e6 7.Qf3 Qc7 8.g4 b5 
9.Bd3 Nc6 10.Nxc6 Qxc6 11.g5 Nd7 12.Be3 Bb7 13.Qh3 g6 14.Bd4 e5 15.Be3 
exf4 16.Bd4 Ne5 17.Nd5 Bg7 18.O-O-O Bc8 19.Qg2 f3 20.Qg3 Be6 21.Bxe5 Bxe5 
22.Qxf3 Bxd5 23.exd5 Qc5 24.h4 Rc8 25.Qg4 O-O 26.h5 Qd4 27.Qxd4 Bxd4 28.
Rh3 Be5 29.Rf1 Rc7 30.Rhf3 Re8 31.a4 bxa4 32.Bxa6 Rb8 33.c3 a3 34.bxa3 
Bxc3 35.Kd1 Ra8 36.Bb5 Rxa3 37.hxg6 hxg6 38.Bc6 Ra1+ 39.Kc2 Rxf1 40.Rxf1 
Be5 41.Kd3 Ra7 42.Rg1 Ra3+ 43.Ke4 Kg7 44.Be8 Kf8 45.Bd7 Ke7 46.Bc6 Rb3 47.
Rg2 Rb4+ 48.Kf3 Rf4+ 49.Ke3 Rf5 50.Ke4 Bf4 51.Rf2 Bxg5 1/2-1/2

[Event "8th Lost Boys op"]
[Site "Amsterdam NED"]
[Date "2000.08.17"]
[Round "7"]
[White "Remmel, Tim"]
[Black "Konings, Frans"]
[Result "1-0"]
[WhiteElo "2225"]
[BlackElo "2162"]
[EventDate "2000.08.11"]
[PlyCount "93"]

1.e4 c5 2.Nf3 Nc6 3.d4 cxd4 4.Nxd4 Nf6 5.Nc3 e5 6.Ndb5 d6 7.Nd5 Nxd5 8.
exd5 Nb8 9.c4 Be7 10.Be2 O-O 11.O-O a6 12.Nc3 f5 13.f3 Nd7 14.Be3 Bg5 15.
Bf2 Rf6 16.Qc2 Qe8 17.b4 Nf8 18.Na4 Rh6 19.Nb6 Bf4 20.h3 Qg6 21.Kh1 Rh5 
22.Rfd1 Rb8 23.c5 Qh6 24.Bf1 e4 25.fxe4 fxe4 26.Nxc8 Rxc8 27.Qxe4 Be5 28.
Rac1 Ng6 29.Be3 Nf4 30.Bxf4 Bxf4 31.Rc4 Be5 32.cxd6 Rf8 33.Qg4 Rhf5 34.Bd3
R5f6 35.Re4 Bxd6 36.Re6 b5 37.Rde1 Qd2 38.Qe2 Qf4 39.Rxd6 Qxd6 40.Qe4 g6 
41.a3 Qg3 42.Rd1 Kg7 43.Be2 Rf2 44.d6 R8f4 45.Qe7+ Rf7 46.Qe4 Kh6 47.d7 
1-0

[Event "8th Lost Boys op"]
[Site "Amsterdam NED"]
[Date "2000.08.17"]
[Round "7"]
[White "Molinari, Gabriel"]
[Black "l`Ami, Erwin"]
[Result "1/2-1/2"]
[WhiteElo "2121"]
[BlackElo "2295"]
[EventDate "2000.08.11"]
[PlyCount "73"]

1.e4 c5 2.Nc3 Nc6 3.g3 g6 4.Bg2 Bg7 5.f4 b6 6.Nf3 Bb7 7.O-O d6 8.Rb1 e6 9.
b3 Nge7 10.Bb2 Nd4 11.Nxd4 Bxd4+ 12.Kh1 O-O 13.Ne2 Bxb2 14.Rxb2 f5 15.d3 
Qc7 16.c3 Rad8 17.Ng1 fxe4 18.dxe4 d5 19.Qg4 Qc8 20.Re1 dxe4 21.Bxe4 Nf5 
22.Qf3 Bd5 23.Nh3 Qa8 24.Ng5 Rfe8 25.Rbe2 Bxe4 26.Qxe4 Qxe4+ 27.Rxe4 Rd3 
28.Kg2 Rxc3 29.Rxe6 Rc2+ 30.Kh3 Rxe6 31.Rxe6 Rxa2 32.Re8+ Kg7 33.g4 Nd4 
34.Re7+ Kg8 35.Re8+ Kg7 36.Re7+ Kg8 37.Re8+ 1/2-1/2

[Event "8th Lost Boys op"]
[Site "Amsterdam NED"]
[Date "2000.08.17"]
[Round "7"]
[White "Van Oosterom, Erik"]
[Black "Pel, Bonno"]
[Result "0-1"]
[WhiteElo "2194"]
[BlackElo "2300"]
[EventDate "2000.08.11"]
[PlyCount "118"]

1.d4 d6 2.e4 Nf6 3.Nc3 g6 4.Nf3 Bg7 5.Be2 O-O 6.O-O c6 7.h3 Nbd7 8.Bf4 Nh5
9.Bg5 h6 10.Be3 e5 11.dxe5 dxe5 12.Qd6 Re8 13.Rfd1 Qf6 14.Qxf6 Nhxf6 15.a4
Bf8 16.Nd2 Nc5 17.f3 b6 18.Kh2 Kg7 19.Nc4 Re6 20.Rd2 Ne8 21.Na3 Nc7 22.
Rad1 Nb7 23.Ncb1 Re8 24.Nc4 f6 25.Rf1 Ne6 26.c3 Nec5 27.Bd1 Be6 28.Nca3 
Nb3 29.Rdf2 Rad8 30.Nd2 Nxd2 31.Rxd2 Rxd2 32.Bxd2 Rd8 33.Rf2 Bc5 34.Re2 
Bxa3 35.bxa3 Na5 36.Bc2 Bc4 37.Rf2 Bb3 38.Be3 Bxc2 39.Rxc2 Nc4 40.Bc1 h5 
41.Kg3 Kf7 42.h4 Ke6 43.Kf2 Rd1 44.Kg3 Rf1 45.Kh3 f5 46.Kg3 fxe4 47.fxe4 
Nd6 48.Kh2 Nxe4 49.Bh6 Nd6 50.a5 bxa5 51.Be3 Ra1 52.Bc5 Nc4 53.Rf2 Nxa3 
54.Rf8 Nb5 55.c4 Rc1 56.Re8+ Kf5 57.Rf8+ Ke4 58.Be7 Rxc4 59.Rf6 a4 0-1

[Event "8th Lost Boys op"]
[Site "Amsterdam NED"]
[Date "2000.08.17"]
[Round "7"]
[White "Rubingh, Otto"]
[Black "Soderberg, Per"]
[Result "0-1"]
[WhiteElo "2264"]
[BlackElo "2261"]
[EventDate "2000.08.11"]
[PlyCount "54"]

1.d4 c5 2.c3 e6 3.Nf3 d5 4.Bg5 Nf6 5.e3 cxd4 6.exd4 Be7 7.Bd3 O-O 8.Nbd2 
h6 9.Bh4 Nc6 10.O-O a6 11.Ne5 Nxe5 12.dxe5 Nd7 13.Bxe7 Qxe7 14.Nf3 b6 15.
Re1 Bb7 16.Bc2 Nc5 17.Nd4 f5 18.exf6 Qxf6 19.Qe2 e5 20.Qxe5 Qxf2+ 21.Kh1 
Ne4 22.Bb3 Rae8 23.Bxd5+ Bxd5 24.Qxd5+ Kh8 25.Ne6 Ng5 26.h3 Rf6 27.Qd4 
Nxe6 0-1

[Event "8th Lost Boys op"]
[Site "Amsterdam NED"]
[Date "2000.08.18"]
[Round "8"]
[White "Ramesh, Ramachandran"]
[Black "Nijboer, Friso"]
[Result "0-1"]
[WhiteElo "2450"]
[BlackElo "2537"]
[EventDate "2000.08.11"]
[PlyCount "34"]

1.e4 c5 2.Nf3 Nc6 3.d4 cxd4 4.Nxd4 Nf6 5.Nc3 e5 6.Ndb5 d6 7.Bg5 a6 8.Na3 
b5 9.Nd5 Be7 10.Bxf6 Bxf6 11.c3 Bg5 12.Nc2 Rb8 13.h4 Bxh4 14.g3 Bg5 15.Bh3
Bb7 16.f4 exf4 17.gxf4 Bxf4 0-1

[Event "8th Lost Boys op"]
[Site "Amsterdam NED"]
[Date "2000.08.18"]
[Round "8"]
[White "Meijers, Viesturs"]
[Black "Roebers, Jan"]
[Result "1-0"]
[WhiteElo "2478"]
[BlackElo "2237"]
[EventDate "2000.08.11"]
[PlyCount "87"]

1.e4 e5 2.Nf3 Nc6 3.Bb5 a6 4.Bxc6 dxc6 5.O-O Qd6 6.d4 exd4 7.Nxd4 Bd7 8.
Be3 O-O-O 9.Nd2 Nh6 10.f3 f5 11.Qe2 fxe4 12.Nxe4 Qe5 13.Bf2 Be7 14.a4 Rhe8
15.c3 Ng8 16.Rfe1 Qh5 17.b4 Nf6 18.Ng3 Qg5 19.Ne6 Bxe6 20.Qxe6+ Kb8 21.Qf7
Bf8 22.Rxe8 Rxe8 23.Rd1 Qg6 24.Qb3 Qg5 25.c4 a5 26.c5 h5 27.h4 Qe5 28.Rb1 
Qd5 29.Qa3 Qd2 30.bxa5 Qxa5 31.Qb3 Qa7 32.Kh1 Nd5 33.Nxh5 Be7 34.Nxg7 Rh8 
35.Nf5 Bf6 36.g3 Qa6 37.Bd4 Bxd4 38.Nxd4 Re8 39.h5 Re3 40.Qb2 Nc3 41.Rc1 
Rd3 42.Rxc3 Rxd4 43.Rc1 Qd3 44.Qc3 1-0

[Event "8th Lost Boys op"]
[Site "Amsterdam NED"]
[Date "2000.08.18"]
[Round "8"]
[White "Jonkman, Harmen"]
[Black "Nep, Ron"]
[Result "1-0"]
[WhiteElo "2424"]
[BlackElo "2192"]
[EventDate "2000.08.11"]
[PlyCount "59"]

1.e4 c6 2.d4 d5 3.Nd2 dxe4 4.Nxe4 Nd7 5.Ng5 Ngf6 6.Bd3 e6 7.Qe2 Bd6 8.N1f3
h6 9.Ne4 Nxe4 10.Qxe4 Qc7 11.Qg4 Kf8 12.Qh4 c5 13.O-O c4 14.Be2 b5 15.a4 
b4 16.Nd2 g5 17.Qh3 Nb6 18.a5 Nd5 19.Nxc4 Bf4 20.g3 Bxc1 21.Rfxc1 Ba6 22.
Qf1 Rd8 23.Ne5 Bxe2 24.Qxe2 Ne7 25.c3 Nf5 26.Qb5 bxc3 27.Rxc3 Qe7 28.Nc6 
Nxd4 29.Nxd4 Rd5 30.Qxd5 1-0

[Event "8th Lost Boys op"]
[Site "Amsterdam NED"]
[Date "2000.08.18"]
[Round "8"]
[White "Hillarp Persson, Tiger"]
[Black "Michiels, Bart"]
[Result "1-0"]
[WhiteElo "2549"]
[BlackElo "2055"]
[EventDate "2000.08.11"]
[PlyCount "125"]

1.d4 c5 2.d5 e6 3.e4 Nf6 4.Nc3 d6 5.Bb5+ Bd7 6.dxe6 fxe6 7.a4 Nc6 8.Nf3 
Be7 9.Bf4 Nd4 10.e5 dxe5 11.Bxe5 Nxb5 12.axb5 O-O 13.O-O a6 14.Bd6 Kh8 15.
bxa6 Rxa6 16.Rxa6 bxa6 17.Ne5 Bb5 18.Bxe7 Qxe7 19.Re1 Qc7 20.Qf3 Kg8 21.
Qh3 Qd6 22.Nf3 Bd7 23.Rd1 Qc7 24.Qg3 Qb7 25.Ne5 Bc8 26.b3 Nh5 27.Qe3 Nf4 
28.f3 Qc7 29.g3 Nh5 30.Na4 c4 31.Qc5 Qxc5+ 32.Nxc5 cxb3 33.cxb3 Nf6 34.Rd6
Nd5 35.Kf2 Re8 36.f4 Nc7 37.Ke3 Kf8 38.Nc6 Kf7 39.Ke4 Nb5 40.Rd3 Kf6 41.g4
g5 42.Ne5 gxf4 43.Kxf4 Re7 44.Ne4+ Kg7 45.Rd8 Bb7 46.Ng3 Nc3 47.Nh5+ Kh6 
48.Nf6 Nd5+ 49.Rxd5 Bxd5 50.Ng8+ Kg7 51.Nxe7 Bxb3 52.N7c6 h6 53.h4 Ba4 54.
g5 hxg5+ 55.hxg5 Bb3 56.Ke3 Bd5 57.Na5 Kf8 58.Kd4 Kg7 59.Kc5 Bg2 60.Kd6 
Bd5 61.Ke7 Ba2 62.Nb7 Bd5 63.Nd6 1-0

[Event "8th Lost Boys op"]
[Site "Amsterdam NED"]
[Date "2000.08.18"]
[Round "8"]
[White "Hendriks, Willy"]
[Black "Kidambi, Sundararajan"]
[Result "0-1"]
[WhiteElo "2378"]
[BlackElo "2404"]
[EventDate "2000.08.11"]
[PlyCount "106"]

1.e4 c5 2.Nf3 d6 3.d4 cxd4 4.Nxd4 Nf6 5.Nc3 e6 6.Bc4 a6 7.Bb3 b5 8.Bg5 Be7
9.Qf3 Qb6 10.O-O-O O-O 11.Rhe1 Nc6 12.Nxc6 Qxc6 13.Qg3 Bb7 14.Bxf6 Bxf6 
15.Rxd6 Bh4 16.Qe5 Bf6 17.Qg3 Bh4 18.Qe5 Qe8 19.Rd3 Bxf2 20.Rf1 Bh4 21.Rf4
Qe7 22.Rg4 Bf6 23.Qh5 g6 24.Rh3 Rfd8 25.Qxh7+ Kf8 26.Rf3 Ke8 27.a3 Kd7 28.
Qh6 Be5 29.Kb1 Rh8 30.Qe3 Rxh2 31.Rg5 Bc7 32.Rf1 Rah8 33.Ka2 Kc8 34.Rg4 
Rh1 35.Rxh1 Rxh1 36.e5 Rh5 37.a4 Rxe5 38.Qh6 Rh5 39.Qe3 Qc5 40.Qxc5 Rxc5 
41.axb5 axb5 42.Ne2 Re5 43.Nc1 Re4 44.Rg5 Re5 45.Rg4 Bc6 46.Nd3 Re2 47.Rh4
Rxg2 48.Rh8+ Kd7 49.Rf8 Ke7 50.Rc8 Kd6 51.Rf8 f5 52.Nf4 Ke7 53.Nxe6 Bd7 
0-1

[Event "8th Lost Boys op"]
[Site "Amsterdam NED"]
[Date "2000.08.18"]
[Round "8"]
[White "Blokhuis, Jeroen"]
[Black "Ravi, Thandalam Shanmugam"]
[Result "0-1"]
[WhiteElo "2240"]
[BlackElo "2385"]
[EventDate "2000.08.11"]
[PlyCount "184"]

1.e4 c6 2.d4 d5 3.exd5 cxd5 4.Bd3 Nc6 5.c3 Qc7 6.Ne2 Bg4 7.f3 Bd7 8.Bf4 
Qb6 9.Qb3 Qxb3 10.axb3 a6 11.Nd2 e6 12.b4 Na7 13.Nb3 Bb5 14.Bc2 O-O-O 15.
Nec1 Bd6 16.Bxd6 Rxd6 17.Kf2 b6 18.Nd3 Rd7 19.Ra2 Rc7 20.Ne5 Kb7 21.Bd3 f6
22.Bxb5 Nxb5 23.Nd3 Nh6 24.Re1 Re8 25.Raa1 Nf7 26.Re2 Nfd6 27.Nd2 Rce7 28.
Rae1 Nc7 29.g4 Nf7 30.Nf1 e5 31.Ng3 g6 32.h4 Kc6 33.g5 fxg5 34.hxg5 Kd6 
35.dxe5+ Nxe5 36.Nxe5 Rxe5 37.f4 Rxe2+ 38.Nxe2 Rf8 39.Kg3 Ne6 40.Rd1 Rc8 
41.Rh1 Rc7 42.Kg4 Ra7 43.Rd1 Rc7 44.Ra1 Ra7 45.Ng3 a5 46.f5 Nd8 47.f6 Nc6 
48.bxa5 Rxa5 49.Rh1 Ne5+ 50.Kf4 Ra4+ 51.Ke3 Rg4 52.Ne2 Rxg5 53.Rxh7 Rf5 
54.Nd4 Rxf6 55.Rb7 Nd7 56.b4 Rf7 57.Ra7 g5 58.Ra8 Rf8 59.Ra1 g4 60.Rg1 Ne5
61.Nb5+ Kd7 62.Rg3 Rf7 63.Nd4 Nc4+ 64.Ke2 Rg7 65.Nc2 Kd6 66.Kf2 Nd2 67.Rd3
Ne4+ 68.Kg2 Rc7 69.Nd4 Ke5 70.Ne2 Rf7 71.Nd4 Rf2+ 72.Kg1 Rf6 73.b5 Kd6 74.
Re3 Kc5 75.Ne2 Kxb5 76.Rd3 Kc5 77.Ng3 Nxg3 78.Rxg3 Rf4 79.Re3 Rf3 80.Re8 
Rxc3 81.Rc8+ Kd4 82.Rg8 g3 83.Kf1 b5 84.Ke2 Rc2+ 85.Kd1 Rg2 86.Ke1 b4 87.
Kf1 Rf2+ 88.Ke1 Rf3 89.Rg4+ Ke5 90.Ke2 Ra3 91.Kd1 g2 92.Ke2 Ra1 0-1

[Event "8th Lost Boys op"]
[Site "Amsterdam NED"]
[Date "2000.08.18"]
[Round "8"]
[White "Bosboom, Manuel"]
[Black "De Vilder, Hans"]
[Result "1-0"]
[WhiteElo "2455"]
[BlackElo "2146"]
[EventDate "2000.08.11"]
[PlyCount "59"]

1.d4 Nf6 2.c4 c5 3.d5 b5 4.Nf3 Bb7 5.g3 bxc4 6.Nc3 e6 7.e4 exd5 8.e5 Ne4 
9.Bg2 Nxc3 10.bxc3 Be7 11.h4 h6 12.O-O Na6 13.Nh2 Nc7 14.Ng4 Rb8 15.Re1 
Kf8 16.h5 d6 17.Rb1 Ba8 18.Rxb8 Qxb8 19.Bf4 Ne6 20.Bxd5 Bxd5 21.Qxd5 Nxf4 
22.gxf4 Qc8 23.f3 Bh4 24.Rb1 Kg8 25.exd6 Kh7 26.d7 Qc7 27.Qf5+ Kg8 28.Ne5 
Bf6 29.Rd1 Qa5 30.Nc6 1-0

[Event "8th Lost Boys op"]
[Site "Amsterdam NED"]
[Date "2000.08.18"]
[Round "8"]
[White "Saravanan, Venkat"]
[Black "Backelin, Rikard"]
[Result "1-0"]
[WhiteElo "2412"]
[BlackElo "2306"]
[EventDate "2000.08.11"]
[PlyCount "133"]

1.e4 e6 2.d4 d5 3.Nc3 Nf6 4.e5 Nfd7 5.Nf3 Be7 6.Bd3 c5 7.dxc5 Nc6 8.Bf4 
Nxc5 9.O-O a6 10.Re1 g5 11.Bg3 g4 12.Nd2 h5 13.Nb3 Nxb3 14.axb3 Bd7 15.Bf4
Qb6 16.Na4 Qc7 17.c4 d4 18.c5 O-O-O 19.Qd2 Kb8 20.b4 Na7 21.Nb6 Bb5 22.
Bxb5 Nxb5 23.Nc4 Qc6 24.Nd6 Bxd6 25.exd6 h4 26.Qd3 Kc8 27.Qe4 Kd7 28.Be5 
Qxe4 29.Rxe4 Rh5 30.Rd1 f5 31.Re2 Re8 32.Kf1 Rh6 33.Rd3 Rg8 34.Bxd4 Rh7 
35.Be5 Rg6 36.Ke1 Rg8 37.Kd2 Rc8 38.Rde3 Rh6 39.Kd3 Na7 40.Kc4 Rg6 41.Rd3 
Rcg8 42.Kb3 Rh6 43.Ka4 Rc8 44.Rd4 Rg6 45.Rf4 Nc6 46.b5 axb5+ 47.Kxb5 Ra8 
48.Ra4 Rgg8 49.Rxa8 Rxa8 50.Bc3 Ra1 51.Re1 Ra2 52.f3 gxf3 53.gxf3 Ra6 54.
Rg1 Na7+ 55.Kb4 e5 56.Rg7+ Kc8 57.Rc7+ Kb8 58.Rf7 Nc6+ 59.Kc4 e4 60.Rxf5 
exf3 61.Rxf3 Ra4+ 62.Kb5 Re4 63.Rf8+ Ka7 64.d7 Re2 65.d8=Q Nxd8 66.Rxd8 
Rxh2 67.Be5 1-0

[Event "8th Lost Boys op"]
[Site "Amsterdam NED"]
[Date "2000.08.18"]
[Round "8"]
[White "Wiersma, Eelke"]
[Black "Wortel, Marten"]
[Result "1/2-1/2"]
[WhiteElo "2402"]
[BlackElo "2296"]
[EventDate "2000.08.11"]
[PlyCount "43"]

1.e4 c5 2.Nf3 d6 3.d4 cxd4 4.Nxd4 Nf6 5.Nc3 e6 6.g4 h6 7.h4 Nc6 8.Rg1 d5 
9.Bb5 Bd7 10.exd5 Nxd5 11.Nxd5 exd5 12.Be3 Be7 13.Qd2 Nxd4 14.Bxd7+ Qxd7 
15.Qxd4 Bf6 16.Qb4 Rc8 17.O-O-O Rc4 18.Qxc4 dxc4 19.Rxd7 Kxd7 20.g5 hxg5 
21.hxg5 Be5 22.Rg4 1/2-1/2

[Event "8th Lost Boys op"]
[Site "Amsterdam NED"]
[Date "2000.08.18"]
[Round "8"]
[White "Berkvens, Joost"]
[Black "Jens, Jelmer"]
[Result "0-1"]
[WhiteElo "2364"]
[BlackElo "2280"]
[EventDate "2000.08.11"]
[PlyCount "64"]

1.e4 c5 2.Nf3 d6 3.d4 cxd4 4.Nxd4 Nf6 5.Nc3 a6 6.Be3 e6 7.g4 h6 8.Bg2 e5 
9.Nf5 Be6 10.Qe2 Nbd7 11.O-O-O Qc7 12.h4 g6 13.Nxh6 Bxh6 14.g5 Bg7 15.gxf6
Bxf6 16.Bh3 Ke7 17.Bxe6 fxe6 18.Rdg1 Rag8 19.Qg4 Qd8 20.Rh3 Kf7 21.Rf3 Rh5
22.Bg5 Ke7 23.Ne2 Bxg5+ 24.hxg5 Rgh8 25.Qg3 Qa5 26.a3 Rh4 27.Re3 Qb5 28.
Nc3 Qc5 29.Kb1 b5 30.Rf1 Nb6 31.Nd1 Nc4 32.Rd3 Rh3 0-1

[Event "8th Lost Boys op"]
[Site "Amsterdam NED"]
[Date "2000.08.18"]
[Round "8"]
[White "Amesz, Jaap"]
[Black "Van Blitterswijk, Stefan"]
[Result "0-1"]
[WhiteElo "2185"]
[BlackElo "2351"]
[EventDate "2000.08.11"]
[PlyCount "62"]

1.c4 b6 2.Nc3 Bb7 3.e4 e6 4.Nge2 c5 5.d4 cxd4 6.Nxd4 d6 7.Be3 Nf6 8.f3 Be7
9.Be2 O-O 10.O-O a6 11.Qd2 Nbd7 12.Rfd1 Qc7 13.Rac1 Rac8 14.a3 Rfe8 15.b4 
Qb8 16.Kh1 Qa8 17.Nb3 Qb8 18.Bf4 Ne5 19.Na4 Bc6 20.b5 axb5 21.cxb5 Ba8 22.
Qd4 Rxc1 23.Nxc1 Qa7 24.Nxb6 Qxa3 25.Bxe5 dxe5 26.Qxe5 Rd8 27.Nxa8 Rxd1+ 
28.Bxd1 Qxc1 29.Qd4 e5 30.Qd3 Qa1 31.Nc7 Qa5 0-1

[Event "8th Lost Boys op"]
[Site "Amsterdam NED"]
[Date "2000.08.18"]
[Round "8"]
[White "Doggers, Peter"]
[Black "Nio Bertholee, Rob"]
[Result "0-1"]
[WhiteElo "2146"]
[BlackElo "2343"]
[EventDate "2000.08.11"]
[PlyCount "22"]

1.e4 e6 2.d4 d5 3.Nc3 Nf6 4.e5 Nfd7 5.f4 c5 6.Nf3 a6 7.Be3 Qb6 8.a3 Nc6 9.
dxc5 Bxc5 10.Bxc5 Nxc5 11.Rb1 Ne4 0-1

[Event "8th Lost Boys op"]
[Site "Amsterdam NED"]
[Date "2000.08.18"]
[Round "8"]
[White "Werle, Jan"]
[Black "Smeets, Jan"]
[Result "1/2-1/2"]
[WhiteElo "2311"]
[BlackElo "2183"]
[EventDate "2000.08.11"]
[PlyCount "41"]

1.Nf3 d5 2.c4 c6 3.d4 e6 4.Nc3 dxc4 5.a4 Bb4 6.e3 b5 7.Bd2 a5 8.axb5 Bxc3 
9.Bxc3 cxb5 10.b3 Bb7 11.bxc4 b4 12.Bb2 Nf6 13.Bd3 Nbd7 14.O-O O-O 15.Re1 
Ne4 16.Qc2 f5 17.Nd2 Nxd2 18.Qxd2 Qc7 19.f3 Nf6 20.Qc2 Qc6 21.Qb3 1/2-1/2

[Event "8th Lost Boys op"]
[Site "Amsterdam NED"]
[Date "2000.08.18"]
[Round "8"]
[White "Lorscheid, Gerhard"]
[Black "Rebers, Eugene"]
[Result "0-1"]
[WhiteElo "2306"]
[BlackElo "2257"]
[EventDate "2000.08.11"]
[PlyCount "90"]

1.d4 d6 2.e4 Nf6 3.Nc3 Nbd7 4.Nf3 e5 5.Bc4 Be7 6.O-O O-O 7.a4 c6 8.Ba2 a5 
9.h3 Qb6 10.Be3 exd4 11.Nxd4 Nc5 12.Nb3 Qb4 13.Nxc5 dxc5 14.Bd2 Rd8 15.e5 
Ne4 16.Nd5 Rxd5 17.Bxd5 Nxd2 18.Bxf7+ Kxf7 19.Qh5+ Kf8 20.Rfd1 Be6 21.Qxh7
Rd8 22.Qh8+ Kf7 23.Qh5+ Kg8 24.Ra3 Qe4 25.Rd3 Bf7 26.Rxd8+ Bxd8 27.Qg4 
Qxg4 28.hxg4 Bg5 29.g3 Nf3+ 30.Kg2 Nxe5 31.f4 Nxg4 32.Kf3 Nh6 33.Rd7 Bd5+ 
34.Ke2 Bf6 35.Rxb7 c4 36.c3 Kf8 37.Rb8+ Ke7 38.Ra8 Kd7 39.Rxa5 Bd8 40.Ra7+
Bc7 41.Ra8 Nf5 42.g4 Ne7 43.f5 Nc8 44.a5 c5 45.Ra6 Bd6 0-1